000 00826nam a22002297a 4500
005 20170124110113.0
010 _aB-035195
020 _c00.00
_a8121207053
035 _aB-035195
037 _bCen Lib/Ret
040 _aDPL
_bEN
082 _a954.021
_bKUN
100 _aKunwar Muhammad Ashraf
_929534
245 _aLife and conditions of the people of Hindūstān (1200-1550 A.D.) :
_cby Kunwar Muhammad Ashraf
_bmainly based onIslamic sources Author : Ashraf, Kunwar Muhammad, 1903-1962 /
260 _bGyan Publishing House
_c2000
_aNew Delhi
270 _a5, Ansari Road, Darya Ganj
_bNew Delhi
_e110002
300 _a351p.
_c21cm(Hb)
500 _aIncludes index
650 _aIndia -- History -- 1000-1526
_926958
650 _aMogul Empire -- History
_927158
942 _2ddc
_cEN
_h954.021
_mKUN
999 _c130573
_d130573